[Event "64th ch-GEO w"]
[Site "Tbilisi GEO"]
[Date "2007.03.13"]
[Round "11"]
[White "Tsereteli,T"]
[Black "Lomineishvili,M"]
[Result "1-0"]
[WhiteElo "2334"]
[BlackElo "2399"]

1.e4 c5 2.Nf3 Nc6 3.d4 cxd4 4.Nxd4 Nf6 5.Nc3 d6 6.Bg5 e6 7.Qd2 Be7 8.O-O-O Nxd4
9.Qxd4 a6 10.f4 b5 11.Be2 Bb7 12.Bf3 Rc8 13.Bxf6 gxf6 14.f5 Rc5 15.fxe6 fxe6
16.e5 Bxf3 17.gxf3 Rxe5 18.f4 Rf5 19.Rhe1 e5 20.fxe5 fxe5 21.Qd5 Rf6 22.Qc6+ Qd7
23.Qa8+ Bd8 24.Qxa6 O-O 25.Qxb5 Qxb5 26.Nxb5 Be7 27.Re2 Rf1 28.Rg2+ Kh8 29.Nc3 Bd8
30.Rxf1 Rxf1+ 31.Kd2 Ba5 32.Kd3 Rf3+ 33.Kc4 Rf4+ 34.Kb5 Bd8 35.a4 Rf7 36.Kc6 h5
37.Kxd6 h4 38.Nd5 e4 39.b4 Rf3 40.Kd7 h3 41.Rg4 Rf5 42.c4 Bg5 43.Ke6 Rf2
44.Rxg5 Rxh2 45.Kf7  1-0

[Event "Victor Ciocaltea Mem"]
[Site "Bucharest ROM"]
[Date "2007.03.14"]
[Round "8"]
[White "Nanu,C"]
[Black "Shishkin,Va UKR"]
[Result "1/2-1/2"]
[WhiteElo "2505"]
[BlackElo "2474"]

1.e4 c5 2.Nf3 Nc6 3.d4 cxd4 4.Nxd4 Nf6 5.Nc3 d6 6.Bg5 e6 7.Qd2 a6 8.O-O-O Nxd4
9.Qxd4 Be7 10.f4 b5 11.Bxf6 gxf6 12.f5 Qc7 13.Be2 Qc5 14.fxe6 fxe6 15.Qxc5 dxc5
16.Bh5+ Kf8 17.e5 f5 18.g4 Ra7 19.gxf5 exf5 20.Nd5 Kg7 21.Nxe7 Rxe7 22.Rd6 Rf8
23.Rg1+ Kh8 24.Rf6 Rd8 25.Rd1 Rxd1+ 26.Kxd1 Bd7 27.Rxa6 Rxe5 28.Ra7 Bc6 29.Be2 c4
30.Kd2 Rd5+ 31.Ke1 Bd7 32.a4 bxa4 33.Bxc4 Rd6 34.Bd3 Kg8 35.Kf2 Kf8 36.Ke3 Ke8
37.Ra6 Rg6 38.Rxg6 hxg6 39.Kf4 Ke7 40.Ke5 Bc6 41.h4 Be8 42.Be2 Bc6 43.c3 Be8
44.Bd1 Bc6 45.Be2 Be8 46.Bf3 Kd7 47.Bd5 Kc7 48.c4 Kd7 49.c5 Kc7 50.Bf3 Bc6
51.Bd1 Bb5 52.Kf6 Kc6 53.Kxg6 Kxc5 54.Kxf5 Be8 55.Kg5 Kb4 56.Kf6 Ka5 57.Bg4 Kb4
58.Bd1 Ka5 59.Bc2 Kb4 60.Kg5 Bf7 61.Kh6 Be8 62.Bd1 Bf7 63.Kg7 Be8 64.Kf8 Bg6
65.Ke7 Ka5 66.Bg4 Kb4 67.Be6 Bh5 68.Kf6 Bd1 69.Bf7 Be2 70.Ke5 Bd1 71.Kd4 Bg4
72.Ke3 Bd1 73.Kd3 a3 74.bxa3+ Kxa3 75.Kc3 Ka4 76.Bc4 Ka5 77.Kd2 Bh5 78.Be2 Be8
79.Ke3 Kb6 80.Kd4 Kc6 81.Ke5 Kc5 82.Bg4 Kc6 83.Kf6 Kd5 84.Be6+ Ke4 85.Bf7 Bxf7  1/2-1/2

[Event "Bundesliga 2006-7"]
[Site "Bindlach GER"]
[Date "2007.03.17"]
[Round "12"]
[White "Cvek,R"]
[Black "Borriss,M"]
[Result "1-0"]
[WhiteElo "2530"]
[BlackElo "2463"]

1.e4 c5 2.Nf3 d6 3.d4 cxd4 4.Nxd4 Nf6 5.Nc3 Nc6 6.Bg5 e6 7.Qd2 a6 8.O-O-O Bd7
9.f3 Be7 10.Be3 h5 11.Kb1 Qc7 12.h3 h4 13.Bd3 Na5 14.Nb3 Nc4 15.Bxc4 Qxc4
16.Bf4 e5 17.Bg5 Bc6 18.Bxf6 gxf6 19.Na5 Qc5 20.Nb3 Qc4 21.Qf2 Qe6 22.f4 f5
23.fxe5 fxe4 24.exd6 Bxd6 25.Nd4 Bc5 26.Qf4 Bxd4 27.Rxd4 Kf8 28.Nxe4 Re8
29.Ng5 Qe7 30.Rhd1 Rh5 31.Nf3 Qe3 32.Qd6+ Qe7 33.Qxe7+ Rxe7 34.Nxh4 Re2 35.g3 Rh2
36.Rf4 Rxh3 37.b3 Kg7 38.Nf5+ Kh7 39.Kb2 Rh1 40.Rd6 Re1 41.Rf6 Bd5 42.c4 Rh2+
43.Ka3 Be6 44.Nd4 Rg2 45.Nxe6 fxe6 46.Rf7+ Kg6 47.Rxb7 e5 48.Rf8 Ree2 49.Kb4 Rxa2
50.Rb6+ Kg5 51.Ra8 Kg4 52.Rbxa6 Rab2 53.Rf8 Rge2 54.Rg6+ Kh3 55.Rf3 e4 56.Rc3 Rbd2
57.c5 Rd4+ 58.Kb5 Rd3 59.Rxd3 exd3 60.Rd6 d2 61.c6 Kxg3 62.c7 Re5+ 63.Kc6 Re6
64.Rxe6 d1=Q 65.c8=Q Qc2+ 66.Kb7 Qxb3+ 67.Rb6  1-0

[Event "ch-POL w"]
[Site "Barlinek POL"]
[Date "2007.03.18"]
[Round "11"]
[White "Kadziolka,B"]
[Black "Przezdziecka,E"]
[Result "1/2-1/2"]
[WhiteElo "2309"]
[BlackElo "2133"]

1.Nc3 c5 2.Nf3 Nc6 3.d4 cxd4 4.Nxd4 Nf6 5.e4 d6 6.Bg5 e6 7.g3 a6 8.Bg2 Bd7
9.Nb3 Be7 10.O-O Qc7 11.f4 h6 12.Bh4 g5 13.fxg5 Nh7 14.g6 fxg6 15.Bxe7 Kxe7
16.Qd2 Nf6 17.Rad1 Raf8 18.Kh1 g5 19.Nd4 Ne5 20.b3 Qc5  1/2-1/2

[Event "Victor Ciocaltea Mem"]
[Site "Bucharest ROM"]
[Date "2007.03.18"]
[Round "12"]
[White "Ivanov,Al3"]
[Black "Shishkin,Va UKR"]
[Result "0-1"]
[WhiteElo "2458"]
[BlackElo "2474"]

1.e4 c5 2.Nf3 Nc6 3.d4 cxd4 4.Nxd4 Nf6 5.Nc3 d6 6.Bg5 Qb6 7.Nb3 e6 8.Qd2 Be7
9.O-O-O O-O 10.f3 a6 11.g4 Rd8 12.Be3 Qc7 13.g5 Nd7 14.h4 b5 15.g6 fxg6 16.h5 gxh5
17.Rxh5 Nf6 18.Rh1 b4 19.Na4 Rb8 20.f4 Na5 21.Qh2 Bd7 22.Nb6 Nxb3+ 23.axb3 Bc6
24.Qh3 Bxe4 25.Qxe6+ Kh8 26.Bd3 Qb7 27.Rhg1 Re8 28.Bd4 Bf8 29.Qh3 Bxd3 30.Rxd3 Qe4
31.Kb1 Rb7 32.Bxf6 Rxb6 33.Rdg3 Rb5 34.Qf1 Rc8 35.R1g2 Rb7 36.Qg1 Rbc7 37.Re3 Qf5
38.Bd4 Rb7 39.Reg3 Rcc7 40.Re3 Rc8 41.Reg3 Rcc7 42.Re3 Re7 43.Reg3 Rbc7 44.Rg5 Qe4
45.f5 Qe1+ 46.Qxe1 Rxe1+ 47.Ka2 Re4 48.c3 Kg8 49.Bxg7 Rxg7 50.Rxg7+ Bxg7
51.f6 h5 52.Rxg7+ Kf8 53.Rh7 h4 54.f7 d5 55.Kb1 a5 56.Kc2 Re2+ 57.Kb1 Rh2
58.Kc1 Rh1+ 59.Kc2 h3 60.Rh4 h2 61.cxb4 axb4 62.Rh7 Ke7 63.Rh3 Kxf7 64.Rf3+ Kg6
65.Rh3 d4  0-1

[Event "Rector Cup w"]
[Site "Kharkiv UKR"]
[Date "2007.03.18"]
[Round "1"]
[White "Breslavskaya,M"]
[Black "Gorbatenko,K"]
[Result "1/2-1/2"]
[WhiteElo "1995"]
[BlackElo "2082"]

1.e4 c5 2.Nf3 d6 3.d4 cxd4 4.Nxd4 Nf6 5.Nc3 Nc6 6.Bg5 e6 7.Qd2 Be7 8.O-O-O O-O
9.f4 Nxd4 10.Qxd4 Qa5 11.Kb1 h6 12.Bxf6 Bxf6 13.Qd2 Bxc3 14.Qxc3 Qxc3 15.bxc3 d5
16.exd5 exd5 17.Rxd5 Be6 18.Rd4 Rfc8 19.Bd3 Rc5 20.Re1 Rac8 21.Kb2 h5 22.g3 Kf8
23.a4 Bg4 24.c4 Be6 25.Kc3 a6 26.Kb4 g6 27.Re5 b6 28.Rd6 a5+ 29.Kc3 R5c6
30.Rxc6 Rxc6 31.Kd4 Ke7 32.f5 gxf5 33.Bxf5 Rxc4+ 34.Kd3 Rxa4 35.Bxe6 fxe6
36.Rxh5 Rg4 37.Rb5 a4 38.Rxb6 Rg8 39.Ra6 Rh8 40.h4 Rg8 41.Rxa4 Rxg3+ 42.Kc4 Rh3
43.Kb5 e5 44.Rc4 Kd7 45.Kc5 Rh2 46.Kd5 e4 47.Kxe4 Rxh4+ 48.Kd5 Rh5+ 49.Kd4 Rh1
50.Kc5 Kc7 51.Kb5+ Kb7 52.c3 Rh6 53.Rc5 Rh1 54.Rg5 Rb1+ 55.Kc5 Rh1 56.Rg7+ Kb8
57.c4 Rc1 58.Kb5 Rb1+ 59.Kc6 Rh1 60.Rg8+ Ka7 61.c5 Rh6+ 62.Kc7 Rh7+ 63.Kc8 Rh6
64.Rg7+ Ka6 65.Rc7 Rh8+ 66.Kd7 Rh7+  1/2-1/2

[Event "Victor Ciocaltea Mem"]
[Site "Bucharest ROM"]
[Date "2007.03.19"]
[Round "13"]
[White "Berescu,A"]
[Black "Ivanov,Al3"]
[Result "1/2-1/2"]
[WhiteElo "2495"]
[BlackElo "2458"]

1.e4 c5 2.Nf3 d6 3.d4 Nf6 4.Nc3 cxd4 5.Nxd4 Nc6 6.Bg5 e6 7.Qd2 a6 8.O-O-O Nxd4
9.Qxd4 Be7 10.f4 b5 11.Bxf6 gxf6 12.Be2 Qc7 13.f5 Qc5 14.fxe6 fxe6 15.Qxc5 dxc5
16.Bh5+ Kf8 17.e5 f5 18.g4 Ra7 19.gxf5 exf5 20.Nd5 Bg5+ 21.Kb1 Be6 22.Rhg1 Rd7
23.Rxg5 Rxd5 24.Rxd5 Bxd5 25.Rxf5+ Ke7 26.Bf3 Bxf3 27.Rxf3 Rf8 28.Rxf8 Kxf8
29.c4 Ke7 30.b4 Ke6 31.a4 bxa4 32.bxc5 Kxe5 33.Kb2 Ke6 34.Ka3 Kd7 35.Kxa4 Kc6
36.Kb4 a5+ 37.Kxa5 Kxc5 38.h4  1/2-1/2

[Event "ch-KAZ"]
[Site "Astana KAZ"]
[Date "2007.03.22"]
[Round "3"]
[White "Sadvakasov,D"]
[Black "Zhumabayev,R"]
[Result "1-0"]
[WhiteElo "2615"]
[BlackElo "2421"]

1.e4 c5 2.Nf3 d6 3.d4 cxd4 4.Nxd4 Nf6 5.Nc3 Nc6 6.Bg5 e6 7.Qd2 Qb6 8.Nb3 a6
9.O-O-O Qc7 10.Kb1 b5 11.f4 b4 12.Bxf6 gxf6 13.Ne2 Bd7 14.Ned4 Qb6 15.Be2 Nxd4
16.Nxd4 h5 17.Rhe1 Rc8 18.Bf3 Bh6 19.g3 h4 20.Qd3 a5 21.e5 fxe5 22.fxe5 d5
23.Bxd5 exd5 24.e6 fxe6 25.Qg6+ Ke7 26.Nf5+ Kd8 27.Rxd5 Qc6 28.Qf6+ Kc7 29.Qe5+ Kb7
30.Nd6+ Ka6 31.Rxa5+ Kb6 32.Qd4+ Kc7 33.Nxc8 Be3 34.Qe5+ Kxc8 35.Qxh8+  1-0

[Event "ch-KAZ"]
[Site "Astana KAZ"]
[Date "2007.03.26"]
[Round "7"]
[White "Alaguzov,M"]
[Black "Kairbekov,R"]
[Result "0-1"]
[WhiteElo "2194"]
[BlackElo "2239"]

1.e4 c5 2.Nf3 d6 3.d4 cxd4 4.Nxd4 Nf6 5.Nc3 Nc6 6.Bg5 e6 7.Qd2 Be7 8.O-O-O O-O
9.f4 h6 10.Bxf6 Bxf6 11.Nxc6 bxc6 12.Qxd6 Qb6 13.Bd3 Rd8 14.Qa3 Qe3+ 15.Kb1 Qxf4
16.e5 Qxe5 17.Ne4 Rb8 18.Nxf6+ Qxf6 19.Rhf1 Qg5 20.Qxa7 Rb7 21.Qa4 Qe5 22.b3 Rbd7
23.Rde1 Qc3 24.Qe4 Rxd3 25.cxd3 Ba6 26.Rf3 Bxd3+ 27.Rxd3 Qxd3+ 28.Qxd3 Rxd3
29.Kc2 Rd5 30.a4 Kf8 31.Ra1 Ke7 32.a5 Rd7 33.Kc3 Kd6 34.a6 Ra7 35.Kc4 f5
36.b4 e5 37.b5 cxb5+ 38.Kxb5 e4 39.Kb6 Ra8 40.Kb7 Re8 41.a7 f4 42.a8=Q Rxa8
43.Rxa8 e3 44.Rd8+ Kc5 45.Kc7 g5 46.h3 Kc4 47.Kd6 e2 48.Re8 Kd3 49.Re5 Kd2
50.Rd5+ Ke3 51.Re5+ Kf2 52.Ke6 e1=Q  0-1

[Event "Rector Cup w"]
[Site "Kharkiv UKR"]
[Date "2007.03.26"]
[Round "11"]
[White "Komiagina,M"]
[Black "Chistiakova,T"]
[Result "1/2-1/2"]
[WhiteElo "2288"]
[BlackElo "2308"]

1.e4 c5 2.Nf3 d6 3.d4 cxd4 4.Nxd4 Nf6 5.Nc3 Nc6 6.Bg5 e6 7.Qd3 Be7 8.O-O-O Nxd4
9.Qxd4 O-O 10.h4 Qa5 11.Bc4 a6 12.Bb3 b5 13.f4 b4 14.Ne2 Bb7 15.Ng3 h6 16.Nh5 hxg5
17.hxg5 Qc5 18.Qxc5 dxc5 19.gxf6 Bxf6 20.e5 Bd8 21.Rd3 Be4 22.Rg3 g6 23.Nf6+ Bxf6
24.exf6 Bf5 25.Bc4 Rfd8 26.Bd3 Rd5 27.Bxf5 Rxf5 28.Rgh3 Rh5 29.Rxh5 gxh5
30.Rxh5 Rc8 31.c3 a5 32.Kc2 a4 33.g3 Rc7 34.Kd3 Rd7+ 35.Ke3 bxc3 36.bxc3 c4
37.Rg5+ Kh8 38.Rg7 a3 39.g4 e5 40.fxe5 Rd3+ 41.Ke4 Re3+ 42.Kd4 Re4+ 43.Kc5 Rxe5+
44.Kxc4 Rc5+ 45.Kb4 Rc4+ 46.Kb3 Rxc3+ 47.Kb4 Rc4+ 48.Kxa3 Rc3+ 49.Kb2 Rc2+
50.Kb3 Rc3+  1/2-1/2

[Event "30th Open"]
[Site "San Sebastian ESP"]
[Date "2007.04.01"]
[Round "1"]
[White "Rodriguez Cabrera,F"]
[Black "Yrjola,J"]
[Result "0-1"]
[WhiteElo "1858"]
[BlackElo "2384"]

1.e4 c5 2.Nf3 Nc6 3.d4 cxd4 4.Nxd4 Nf6 5.Nc3 d6 6.Bg5 e6 7.Be2 Be7 8.O-O a6
9.Kh1 Qc7 10.f4 Bd7 11.Bf3 O-O 12.Nce2 Rad8 13.Rc1 e5 14.Nxc6 Bxc6 15.Nc3 Rfe8
16.Qe1 b5 17.a3 exf4 18.Bxf4 Qb7 19.Qg3 Nxe4 20.Nxe4 Bxe4 21.Bxe4 Qxe4 22.Rfe1 Qg6
23.Qxg6 hxg6 24.Rcd1 g5 25.Bd2 Bf6 26.Ba5 Rxe1+ 27.Rxe1 Rc8 28.c3 Be5 29.Rd1 f5
30.g3 Kf7 31.Kg2 g4 32.Bb6 g5 33.h3 gxh3+ 34.Kxh3 Rc4 35.Be3 Rg4 36.Bf2 Ke6
37.Rd3 Re4 38.Kg2 Re2 39.b3 Rc2  0-1

[Event "Kaupthing IM"]
[Site "Reykjavik ISL"]
[Date "2007.04.04"]
[Round "2"]
[White "Bjornsson,Si"]
[Black "Bellin,R"]
[Result "0-1"]
[WhiteElo "2329"]
[BlackElo "2381"]

1.e4 c5 2.Nf3 d6 3.d4 cxd4 4.Nxd4 Nf6 5.Nc3 Nc6 6.Bg5 e6 7.Qd2 a6 8.O-O-O Bd7
9.f3 Be7 10.Kb1 Nxd4 11.Qxd4 Qa5 12.Bd2 Qc7 13.g4 h6 14.h4 Rc8 15.Bh3 Qc5
16.Qd3 g5 17.f4 gxf4 18.Bxf4 e5 19.Bxh6 Nxg4 20.Qg3 Qf2 21.Qd3 Rxh6 22.Rhg1 Qxh4
23.Rh1 Qg5 24.Rdg1 f5 25.exf5 Bxf5 26.Qf3 Rc6 27.Rg3 Qf4 28.Qg2 Rxc3 29.bxc3 Be4
30.Qg1 Qd2 31.Qc1 Qxc1+ 32.Rxc1 Nf6 33.Kb2 Kf7 34.Rf1 Bd5 35.Rfg1 Bf8 36.Bc8 Be4
37.Bh3 Rh4 38.Re1 d5 39.Rf1 Bc5 40.Bg2 Rf4 41.Rh1 Bf5 42.Rf1 Rxf1 43.Bxf1 e4
44.Bh3 Be3  0-1

[Event "18th Pobeskydi Arcimpex"]
[Site "Frydek Mistek CZE"]
[Date "2007.04.05"]
[Round "1"]
[White "Krejci,Jan2"]
[Black "Szymczak,Z"]
[Result "0-1"]
[WhiteElo "2193"]
[BlackElo "2300"]

1.e4 c5 2.Nf3 d6 3.d4 Nf6 4.Nc3 cxd4 5.Nxd4 Nc6 6.Bg5 e6 7.Qd2 h6 8.Bh4 Nxe4
9.Qf4 Nf6 10.Bxf6 gxf6 11.Bb5 Bd7 12.Ne4 Be7 13.O-O-O d5 14.Rhe1 dxe4 15.Nxc6 bxc6
16.Bxc6 Bxc6 17.Rxd8+ Bxd8 18.Qd6 Rc8 19.Re3 Be7 20.Qd4 Rg8 21.Rg3 Rxg3 22.hxg3 f5
23.Qh8+ Bf8 24.Qd4 Rc7 25.a3 h5 26.Kb1 e3 27.fxe3 Bxg2 28.Qa4+ Bc6 29.Qf4 Rc8
30.c3 Be4+ 31.Ka1 Rd8 32.Qf1 Rd3 33.Qe2 Bc5 34.Qxh5 Bxe3 35.Qh8+ Ke7 36.Qh4+ Kd7
37.Qh5 Bc5 38.Qxf7+ Be7 39.Qh5 Rxg3 40.Qd1+ Rd3 41.Qa4+ Kd8 42.Qxa7 Rd1+
43.Ka2 Bd5+ 44.b3 Bf6 45.Qb8+ Ke7 46.Qc7+ Kf8 47.Qc5+ Kf7 48.Qc7+ Be7 49.Qh2 Rh1
50.Qf2 Bd6 51.Qa7+ Kf6 52.Qb6 Rh2+ 53.Ka1 Bxa3 54.Qd8+ Be7 55.Qb8 Rh4 56.b4 f4
57.b5 f3 58.Qg3 Kf7 59.b6 Rh5 60.c4 Bb7 61.Kb2 Rf5 62.Qf2 Bc5 63.Qh2 Bd4+
64.Kb3 f2 65.Qc7+ Kg8 66.Qd8+ Rf8 67.Qxd4 f1=Q 68.Qg4+ Kf7 69.Qh5+ Ke7 70.Qg5+ Qf6
71.Qc5+ Kf7 72.Qc7+ Qe7 73.Qf4+ Kg8 74.Qg4+ Kh8 75.Qh3+ Qh7 76.Qc3+ Kg8 77.Qg3+ Qg7
78.Qe1 Rf3+ 79.Ka4 Qd7+ 80.Kb4 Qd6+  0-1

[Event "18th Pobeskydi Hamont Cup"]
[Site "Frydek Mistek CZE"]
[Date "2007.04.05"]
[Round "1"]
[White "Chocenka,D"]
[Black "Michenka,J"]
[Result "1/2-1/2"]
[WhiteElo "2295"]
[BlackElo "2344"]

1.e4 c5 2.Nf3 d6 3.d4 cxd4 4.Nxd4 Nf6 5.Nc3 Nc6 6.Bg5 e6 7.Qd2 a6 8.O-O-O Bd7
9.Bc4 h6 10.Be3 b5 11.Bd3 Nxd4 12.Bxd4 b4 13.Bxf6 Qxf6 14.Ne2 Qxf2 15.Qxb4 Be7
16.Rhf1 Qe3+ 17.Kb1 O-O 18.Rf3 Qg5 19.Qd4 Bc6 20.Rdf1 Qc5 21.Rg3 Qxd4 22.Nxd4 Bb7
23.c3 Rfc8 24.Bc2 Rc5 25.b4 Rh5 26.h3 d5 27.exd5 Bxd5 28.Rxf7 Kxf7 29.Bg6+ Kg8
30.Bxh5 Bh4 31.Rg4 Bf6 32.Bg6 a5 33.Be4 axb4 34.Bxd5 exd5 35.cxb4 h5 36.Rf4 Be5
37.Rh4 Bf6 38.Rxh5 Bxd4 39.Rxd5 Bf6 40.Ra5 Re8 41.Rc5 Re2 42.Rc2 Re1+ 43.Rc1 Re4
44.a3 Re3 45.Ka2 Re2+ 46.Kb3 Rxg2 47.a4 Rh2 48.Rc8+ Kf7 49.a5 Rxh3+ 50.Ka4 Ke7
51.a6 Rh1 52.b5 Kd7 53.Rc6 Ra1+ 54.Kb3 Bd8 55.Rc2 g5 56.Rc6 Be7 57.Rg6 Rb1+
58.Ka4 Ra1+ 59.Kb3 Rb1+ 60.Ka4 Bd8 61.b6 Rxb6 62.a7 Rxg6 63.a8=Q Rc6  1/2-1/2

[Event "ch-Catalonia"]
[Site "Barcelona ESP"]
[Date "2007.04.06"]
[Round "6"]
[White "Ivanova,S1"]
[Black "Beltran Rueda,S"]
[Result "1/2-1/2"]
[WhiteElo "2207"]
[BlackElo "2381"]

1.e4 c5 2.Nf3 Nc6 3.d4 cxd4 4.Nxd4 Nf6 5.Nc3 d6 6.Bg5 e6 7.Nxc6 bxc6 8.Bd3 Be7
9.O-O O-O 10.Kh1 h6 11.Bh4 Rb8 12.Rb1 e5 13.Bg3 Be6 14.Qe2 Qa5 15.Rfd1 Rbd8
16.h3 Rfe8 17.a3 Nh7 18.Bc4 Nf8 19.Kg1 Qc5 20.Bxe6 Nxe6 21.Rd3 a5 22.b4 axb4
23.axb4 Qc4 24.Re3 Qxe2 25.Nxe2 f6 26.Rc3 Rc8 27.f3 d5 28.exd5 cxd5 29.b5 Nd4
30.Rxc8 Nxe2+ 31.Kf2 Rxc8 32.Kxe2 Rxc2+ 33.Kd3 Rxg2 34.Be1 Bd6 35.b6 Rh2
36.Bb4 e4+ 37.fxe4 dxe4+ 38.Kxe4 Be5 39.Rb3 Kf7 40.Kd5 g5 41.b7 h5 42.Re3 Rb2
43.Kc4 Bf4 44.Re4  1/2-1/2

[Event "18th Pobeskydi Arcimpex"]
[Site "Frydek Mistek CZE"]
[Date "2007.04.06"]
[Round "3"]
[White "Rojicek,V"]
[Black "Plischki,S"]
[Result "1/2-1/2"]
[WhiteElo "2308"]
[BlackElo "2379"]

1.e4 c5 2.Nf3 d6 3.d4 cxd4 4.Nxd4 Nf6 5.Nc3 Nc6 6.Bg5 e6 7.Qd2 a6 8.O-O-O h6
9.Be3 Be7 10.f3 Nxd4 11.Qxd4 b5 12.Kb1 Qa5 13.g4 b4 14.Ne2 e5 15.Qb6 Qxb6
16.Bxb6 Be6 17.Bc7 Ra7 18.Bb6 Rb7 19.Bf2 d5 20.Ng3 a5 21.Ba6 Rb8 22.Rhe1 d4
23.Nf5 Bf8 24.Bg3 Rb6 25.Bd3 Nd7 26.f4 f6 27.Rd2 g6 28.Nh4 Rg8 29.f5 gxf5
30.gxf5 Bf7  1/2-1/2

[Event "18th Pobeskydi Radegast"]
[Site "Frydek Mistek CZE"]
[Date "2007.04.06"]
[Round "4"]
[White "Talla,V"]
[Black "Belunek,V"]
[Result "1-0"]
[WhiteElo "2432"]
[BlackElo "2278"]

1.e4 c5 2.Nf3 d6 3.d4 cxd4 4.Nxd4 Nf6 5.Nc3 Nc6 6.Bg5 e6 7.Qd2 a6 8.O-O-O Bd7
9.f3 h6 10.Be3 h5 11.Kb1 b5 12.Nxc6 Bxc6 13.Ne2 Qc7 14.Nd4 Bd7 15.Bg5 Rb8
16.Nb3 Be7 17.Bd3 Ra8 18.Nd4 Rb8 19.h3 a5 20.g4 b4 21.Be3 g6 22.g5 Nh7 23.f4 e5
24.Nf3 Bc6 25.fxe5 dxe5 26.Nxe5 O-O 27.Nxc6 Qxc6 28.Rhf1 a4 29.b3 Ra8 30.Bc4 axb3
31.Bxb3 Ra5 32.Bd5 Qa6 33.h4 Bc5 34.Bxc5 Rxc5 35.Rxf7 Rxf7 36.Bxf7+ Kxf7
37.Qf2+  1-0

[Event "Easter Open"]
[Site "Oberhausen GER"]
[Date "2007.04.06"]
[Round "2"]
[White "Kaufeld,J"]
[Black "Barskij,A"]
[Result "1-0"]
[WhiteElo "2308"]
[BlackElo "1993"]

1.e4 c5 2.Nf3 d6 3.d4 cxd4 4.Nxd4 Nf6 5.Nc3 Nc6 6.Bg5 e6 7.Qd2 a6 8.O-O-O Bd7
9.f4 h6 10.Bh4 g5 11.fxg5 Ng4 12.Nxc6 Bxc6 13.Be2 hxg5 14.Bxg5 Qxg5 15.Qxg5 Bh6
16.Qxh6 Nxh6 17.Rxd6 Ke7 18.Rd3 Rag8 19.Rg3 Rxg3 20.hxg3 f6 21.Bf3 Nf7 22.Rxh8 Nxh8
23.Kd2 Nf7 24.Ke3 Kd6 25.Ne2 Ke5 26.Nf4 Ng5 27.c4 Kd6 28.Nd3 e5 29.Nb4 Ne6
30.Nd5 Bxd5 31.cxd5 Nd4 32.Bg4 a5 33.Kf2 Nb5 34.Be2 Nc7 35.g4 Ke7 36.Kg3 Ne8
37.Kh4 Nd6 38.Bd3 Kf8 39.g5 Kg7 40.gxf6+ Kxf6 41.Kh5 Nf7 42.g4 Kg7 43.g5 Nd6
44.g6 Nc8 45.Kg5 Nd6 46.a4  1-0

[Event "9th Open"]
[Site "Foxwoods USA"]
[Date "2007.04.07"]
[Round "6"]
[White "Pruess,D"]
[Black "Gurevich,D"]
[Result "1/2-1/2"]
[WhiteElo "2408"]
[BlackElo "2518"]

1.e4 c5 2.Nf3 d6 3.d4 cxd4 4.Nxd4 Nf6 5.Nc3 Nc6 6.Bg5 e6 7.Qd2 Be7 8.O-O-O O-O
9.f4 h6 10.Bxf6 Bxf6 11.Nxc6 bxc6 12.Qxd6 Qb6 13.e5 Rd8 14.Qa3 Qe3+ 15.Kb1 Rxd1+
16.Nxd1 Qxa3  1/2-1/2

[Event "9th Open"]
[Site "Foxwoods USA"]
[Date "2007.04.07"]
[Round "7"]
[White "Formanek,E"]
[Black "Paschall,W"]
[Result "1/2-1/2"]
[WhiteElo "2259"]
[BlackElo "2353"]

1.e4 c5 2.Nf3 d6 3.d4 cxd4 4.Nxd4 Nf6 5.Nc3 Nc6 6.Bg5 e6 7.Qd2 Qb6 8.O-O-O a6
9.f3 Qxd4 10.Qxd4 Nxd4 11.Rxd4 Be7 12.Be2 Bd7  1/2-1/2

[Event "30th Open"]
[Site "San Sebastian ESP"]
[Date "2007.04.07"]
[Round "8"]
[White "Andres Gonzalez,I"]
[Black "Tratar,M"]
[Result "1/2-1/2"]
[WhiteElo "2372"]
[BlackElo "2476"]

1.e4 c5 2.Nf3 d6 3.Nc3 Nf6 4.d4 cxd4 5.Nxd4 Nc6 6.Bg5 e6 7.Qd2 a6 8.O-O-O Bd7
9.f3 Rc8 10.Nxc6 Bxc6 11.Kb1 Be7 12.h4 h6 13.Be3 d5 14.Qf2 Qc7 15.Bb6 Qb8
16.exd5  1/2-1/2

[Event "18th Pobeskydi Hamont Cup"]
[Site "Frydek Mistek CZE"]
[Date "2007.04.08"]
[Round "7"]
[White "Jasny,S"]
[Black "Kociscak,J"]
[Result "1/2-1/2"]
[WhiteElo "2378"]
[BlackElo "2181"]

1.e4 c5 2.Nf3 Nc6 3.d4 cxd4 4.Nxd4 Nf6 5.Nc3 d6 6.Bg5 e6 7.Qd2 a6 8.O-O-O Bd7
9.f3 b5 10.Nxc6 Bxc6 11.Ne2 Qc7 12.Nd4 Nd7 13.Nxc6 Qxc6 14.h4 Nc5 15.h5 h6
16.Be3 Rc8 17.Kb1 Be7 18.Be2 e5 19.c3 O-O 20.Qd5 Ne6 21.g3 Qxd5 22.Rxd5 Rc6
23.f4 f6 24.Bd1 Nc5 25.Bb3 Nxb3 26.axb3 Bd8 27.Rhd1 Bc7 28.f5 Kf7 29.Ka2 Ke7
30.Rc1 Bb6 31.Bxb6 Rxb6 32.c4 Rc8 33.Ka3 Rc5 34.Rxc5 b4+ 35.Ka4 dxc5 36.Rd1 Rc6
37.Ka5 Ke8 38.Rd2 Ke7 39.g4 Ke8 40.g5 hxg5 41.h6 gxh6 42.Rh2 Kf7 43.Rxh6 Kg7
44.Rg6+ Kh7 45.Ka4 Rd6  1/2-1/2

[Event "18th Pobeskydi Hamont Cup"]
[Site "Frydek Mistek CZE"]
[Date "2007.04.08"]
[Round "7"]
[White "Toma,K"]
[Black "Michenka,J"]
[Result "1-0"]
[WhiteElo "2252"]
[BlackElo "2344"]

1.e4 c5 2.Nf3 d6 3.d4 cxd4 4.Nxd4 Nf6 5.Nc3 Nc6 6.Bg5 e6 7.Qd2 a6 8.O-O-O Bd7
9.f3 b5 10.Nxc6 Bxc6 11.Ne2 Be7 12.h4 Rc8 13.Nd4 Bb7 14.g4 Qc7 15.Bd3 h6
16.Be3 Nd7 17.g5 hxg5 18.Bxg5 Nf6 19.Rhe1 Nh5 20.Bxe7 Qxe7 21.e5 dxe5 22.Rxe5 Qf6
23.Nxe6 Qxe5 24.Bxb5+ Qxb5 25.Nc7+ Kf8 26.Nxb5 axb5 27.Qd7 Re8 28.Qxb7 Nf4
29.Rd7 Rxh4 30.Rxf7+ Kg8 31.Rxg7+ Kh8 32.Rg4 Rh1+ 33.Kd2 Rh7 34.Qxh7+  1-0

[Event "18th Pobeskydi Chance Cup"]
[Site "Frydek Mistek CZE"]
[Date "2007.04.08"]
[Round "7"]
[White "Tvarijonas,P"]
[Black "Stukner,S"]
[Result "1-0"]
[WhiteElo "2221"]
[BlackElo "2107"]

1.e4 c5 2.Nf3 Nc6 3.d4 cxd4 4.Nxd4 Nf6 5.Nc3 d6 6.Bg5 Bd7 7.Bc4 Qa5 8.Bxf6 gxf6
9.Bb3 Bh6 10.O-O Rg8 11.Nd5 Bg4 12.Qd3 Nxd4 13.Qxd4 Bh3 14.g3 Bxf1 15.Rxf1 Rd8
16.Rd1 Bg7 17.e5 fxe5 18.Qh4 Rd7 19.Nc3 a6 20.Qxh7 Kf8 21.Qf5  1-0

[Event "18th Pobeskydi Chance Cup"]
[Site "Frydek Mistek CZE"]
[Date "2007.04.08"]
[Round "8"]
[White "Sadzikowski,D"]
[Black "Straka,Jo"]
[Result "1-0"]
[WhiteElo "2118"]
[BlackElo "1905"]

1.e4 c5 2.Nf3 d6 3.d4 cxd4 4.Nxd4 Nf6 5.Nc3 Nc6 6.Bg5 e6 7.Qd2 a6 8.f3 Bd7
9.O-O-O b5 10.Nxc6 Bxc6 11.Ne2 Be7 12.Nd4 Bb7 13.Be3 O-O 14.g4 d5 15.e5 Nd7
16.f4 Nb6 17.Qf2 Nc4 18.Bxc4 bxc4 19.c3 Qd7 20.f5 Rfb8 21.Kb1 a5 22.Ka1 a4
23.a3 Bc6 24.Rhf1 Bf8 25.Nc2 d4 26.Bxd4 Qb7 27.Nb4 Bxb4 28.cxb4 Be4 29.f6 Bd3
30.Rfe1 Rd8 31.Qf4 Rd7 32.Rxd3 cxd3 33.Qg5  1-0

[Event "President's Cup Rapid"]
[Site "Ankara TUR"]
[Date "2007.04.28"]
[Round "2"]
[White "Erdogdu,M"]
[Black "Haznedaroglu,K"]
[Result "0-1"]
[WhiteElo "2401"]
[BlackElo "2440"]

1.e4 c5 2.Nf3 Nc6 3.d4 cxd4 4.Nxd4 Nf6 5.Nc3 d6 6.Bg5 e6 7.Qd2 Qb6 8.O-O-O Be7
9.Nb3 O-O 10.f3 Rd8 11.Nb5 Rd7 12.Be3 Qd8 13.N5d4 a6 14.g4 Rc7 15.Nxc6 Rxc6
16.Na5 Rc7 17.Bb6 Rxc2+ 18.Qxc2 Qxb6 19.Nc4 Qc7 20.g5 Nh5 21.h4 b5 22.Ne3 Qb6
23.Qd2 Bb7 24.Kb1 Rd8 25.Qd4 Qxd4 26.Rxd4 d5 27.exd5 Bc5 28.Rd3 Nf4 29.Rc3 Bd4
30.Rc7 Ba8 31.Nc2 Nxd5 32.Rxf7 Bb6 33.Rxg7+ Kxg7 34.Bh3 Nf4 35.Bg4 Rd2 36.Re1 Bd5
37.Nb4 Bd4 38.Kc1 Rxb2 39.a3 Rxb4 40.axb4 Nd3+ 41.Kd2 Nxe1  0-1

[Event "President's Cup Rapid"]
[Site "Ankara TUR"]
[Date "2007.04.29"]
[Round "9"]
[White "Atakisi,U"]
[Black "Bayram,Y"]
[Result "0-1"]
[WhiteElo "2392"]
[BlackElo "2317"]

1.e4 c5 2.Nf3 d6 3.d4 cxd4 4.Nxd4 Nf6 5.Nc3 Nc6 6.Bg5 h6 7.Bxh6 gxh6 8.Be2 Qb6
9.Nb3 e6 10.O-O h5 11.Kh1 Bd7 12.f4 O-O-O 13.f5 Be7 14.a4 Rdg8 15.a5 Qe3
16.Rf3 Qh6 17.Nb5 Qf8 18.Rd3 Ne5 19.Nxd6+ Kb8 20.Nc5 Bc6 21.Raa3 exf5 22.b4 fxe4
23.Rd4 e3 24.Nde4 Bxc5 25.bxc5 Nd5 26.Rxd5 Ng4 27.Rxe3 Qh6 28.Rb3  0-1

[Event "President's Cup Rapid"]
[Site "Ankara TUR"]
[Date "2007.04.29"]
[Round "13"]
[White "Ulker,A"]
[Black "Olcayoz,A"]
[Result "0-1"]
[WhiteElo "2156"]
[BlackElo "2315"]

1.e4 c5 2.Nf3 Nc6 3.d4 cxd4 4.Nxd4 Nf6 5.Nc3 d6 6.Bg5 e6 7.Qd2 a6 8.O-O-O Bd7
9.f4 h6 10.Bh4 g5 11.fxg5 Ng4 12.Nf3 Be7 13.h3 Nge5 14.Kb1 hxg5 15.Bg3 f6
16.Be2 Qb6 17.h4 gxh4 18.Rxh4 O-O-O 19.Rxh8 Rxh8 20.Nxe5 fxe5 21.Bf3 Nd8
22.Bf2 Qc7 23.Qe3 Nf7 24.a3 Bg5 25.Qa7 Qb8 26.Qb6 Qc7 27.Qb4 Bd8 28.Na4 Qa5
29.Qxa5 Bxa5 30.Nb6+ Bxb6 31.Bxb6 Bc6 32.c4 Ba4 33.Rd3 Rh1+ 34.Ka2 Kd7 35.b3 Bc6
36.c5 Rh4 37.Rd2 Rf4 38.cxd6 Bxe4 39.Be3 Rxf3 40.gxf3 Bxf3 41.Kb2 Nxd6 42.Bc5 Bd5
43.Bxd6 Kxd6 44.Kc3 e4 45.Kd4 Bxb3 46.Kxe4+ Bd5+ 47.Kd4 Kc6 48.Rc2+ Kb5 49.Rc3 Ka4
50.Kc5 Bb3 51.Kb6 Kxa3 52.Kxb7 Kb4 53.Re3 a5 54.Kb6 a4 55.Re4+ Bc4 56.Kc6 a3
57.Kd6 a2 58.Re1 Kc3 59.Kc5 Bd3 60.Ra1 Kb2 61.Kd4  0-1

[Event "9th Open"]
[Site "Dubai UAE"]
[Date "2007.04.30"]
[Round "9"]
[White "Al Modiahki,M"]
[Black "Bakre,T"]
[Result "1-0"]
[WhiteElo "2556"]
[BlackElo "2426"]

1.e4 c5 2.Nf3 d6 3.d4 cxd4 4.Nxd4 Nf6 5.Nc3 Nc6 6.Bg5 e6 7.Qd2 Be7 8.O-O-O O-O
9.f4 Nxd4 10.Qxd4 Qa5 11.Bc4 Bd7 12.e5 dxe5 13.fxe5 Bc6 14.Bd2 Nd7 15.Nd5 Qd8
16.Nxe7+ Qxe7 17.Rhe1 Nb6 18.Bf1 Rfd8 19.Qg4 Rac8 20.Bb4 Rxd1+ 21.Rxd1 Qe8
22.Qh4 h6 23.b3 Nd5 24.Bd2 Ne7 25.Bd3 Rd8 26.g4 Ng6 27.Qg3 Qe7 28.Kb2 Rd5
29.Re1 Qd8 30.Bc3 Qg5 31.Be4 Rd7 32.Bxc6 bxc6 33.Qf3 Rd5 34.Qe4 Qe7 35.Qe3 c5
36.Qe2 Qc7 37.a4 Qc8 38.Qf2 Qc7 39.Qe3 Qd8 40.Qe2 Qc7 41.Qe4 Qb8 42.Qe3 Qd8
43.Qe2 Qc7 44.a5 Qb8 45.Qe4 Qc7 46.Qe3 Qd8 47.Qe2 Qb8 48.h3 Qc7 49.Qe4 Qb8
50.Qe3 Qd8 51.Qf2 Qc7 52.Qe2 Qb8 53.a6 Nf4 54.Qf3 Ng6 55.Qe4 Qc8 56.Qa4 Qc7
57.Qb5 Rd7 58.Re4 Qc8 59.Ba5 Rd5 60.Qb7 Qe8 61.Qxa7 Nxe5 62.Rxe5 Rxe5 63.Bc7 Rd5
64.Qb8 Qxb8 65.Bxb8 c4 66.a7 Ra5 67.b4 Ra4 68.b5 e5 69.b6  1-0